000 00539cam a22001217a 4500
008 180718b1977. xxu||||| |||| 00| 0 eng d
082 _aA32x54 In2a
100 _aIndia. Commission for Scientific and Technical Terminology
245 _aConsolidated glossary of administrative terms (English - Hindi)
_cby Central Hindi Directorate, Ministry of Education and Social Welfare
260 _aDelhi.
_bThe Controller of Publication
_c1977.
300 _a260p.
700 _aIndia. Ministry of Education and Social Welfare. Central Hindi Directorate
999 _c481286
_d481286